000 01166cam a2200373Mi 4500
001 90181
005 20230410132559.0
008 951108s1995 sp 000 0 spa d
035 _a(OCoLC)ocm34206303
040 _aPL#
_bspa
_cPL#
_dI5B
_dTWU
_dNLGGC
_dMTG
020 _a8432207187
020 _a9788432207181
029 0 _aPL#
_b8432207187
029 1 _aI5B
_b49504
029 1 _aNLGGC
_b146075609
035 _a(OCoLC)34206303
050 1 4 _aPQ7798.23.A692
_bM385s 1995
084 _a18.33
_2bcl
049 _aGRAL
100 1 _aMartínez, Tomás Eloy.
245 1 0 _aSanta Evita /
_cTomás Eloy Martínez.
260 _aBarcelona :
_bSeix Barral,
_c1995.
300 _a398 p. ;
_c21 cm.
440 0 _aBiblioteca breve
650 4 _aCes.
650 4 _aColección Enriquillo Sánchez.
653 _aNovela argentina
_aAmérica Latina
_aSiglo XX.
776 0 8 _iOnline version:
_aMartínez, Tomás Eloy.
_tSanta Evita.
_dBarcelona : Seix Barral, 1995
_w(OCoLC)604381059
938 _aPuvill Libros
_bPUVL
_n8432207187
_c$16.51
938 _aIberbook International S.L.
_bIBER
_n49504
_cP2000
942 _2lcc
_cbk
946 _amjcruz
994 _aC0
_bDRFGD
999 _c84053
_d84053